Проект новой стадийности геологоразведочных работ на торф; Известия Томского политехнического университета [Известия ТПУ]; Т. 317, № 1: Науки о Земле
| Parent link: | Известия Томского политехнического университета [Известия ТПУ]/ Томский политехнический университет (ТПУ).— , 2000- Т. 317, № 1: Науки о Земле.— 2010.— [С. 51-56] |
|---|---|
| Hovedforfatter: | |
| Summary: | Заглавие с титульного листа Электронная версия печатной публикации Ныне действующая стадийность геологоразведочных работ на торф была принята в 1987 г. и с тех пор не пересматривалась. Предложена новая последовательность выполнения геологоразведочных работ на торф по этапам и стадиям, отвечающая современной законодательно-нормативной базе в области недропользования и учитывающая состояние торфяной промышленности. |
| Sprog: | russisk |
| Udgivet: |
2010
|
| Serier: | Геология и полезные ископаемые |
| Fag: | |
| Online adgang: | http://www.lib.tpu.ru/fulltext/v/Bulletin_TPU/2010/v317/i1/09.pdf |
| Format: | MixedMaterials Electronisk Book Chapter |
| KOHA link: | https://koha.lib.tpu.ru/cgi-bin/koha/opac-detail.pl?biblionumber=188128 |
MARC
| LEADER | 00000nla2a2200000 4500 | ||
|---|---|---|---|
| 001 | 188128 | ||
| 005 | 20250530120107.0 | ||
| 035 | |a (RuTPU)RU\TPU\book\204292 | ||
| 035 | |a RU\TPU\book\204288 | ||
| 090 | |a 188128 | ||
| 100 | |a 20101202d2010 k y0rusy50 ca | ||
| 101 | 0 | |a rus | |
| 102 | |a RU | ||
| 135 | |a drnn ---uucaa | ||
| 181 | 0 | |a i | |
| 182 | 0 | |a b | |
| 200 | 1 | |a Проект новой стадийности геологоразведочных работ на торф |f П. В. Бернатонис | |
| 203 | |a Текст |c электронный | ||
| 215 | |a 1 файл (64 Кб) | ||
| 225 | 1 | |a Геология и полезные ископаемые | |
| 300 | |a Заглавие с титульного листа | ||
| 300 | |a Электронная версия печатной публикации | ||
| 320 | |a [Библиогр.: с. 55-56 (16 назв.)] | ||
| 330 | |a Ныне действующая стадийность геологоразведочных работ на торф была принята в 1987 г. и с тех пор не пересматривалась. Предложена новая последовательность выполнения геологоразведочных работ на торф по этапам и стадиям, отвечающая современной законодательно-нормативной базе в области недропользования и учитывающая состояние торфяной промышленности. | ||
| 337 | |a Adobe Reader | ||
| 461 | 1 | |0 (RuTPU)RU\TPU\book\176237 |t Известия Томского политехнического университета [Известия ТПУ] |f Томский политехнический университет (ТПУ) |d 2000- | |
| 463 | 1 | |0 (RuTPU)RU\TPU\book\203786 |x 1684-8519 |t Т. 317, № 1: Науки о Земле |v [С. 51-56] |d 2010 |p 227 с. | |
| 610 | 1 | |a торф | |
| 610 | 1 | |a геолого-разведочные работы | |
| 610 | 1 | |a стадийность | |
| 610 | 1 | |a электронный ресурс | |
| 700 | 1 | |a Бернатонис |b П. В. |c российский геолог |c доцент Томского политехнического университета, кандидат геолого-минералогических наук |f 1973- |g Павел Вилисович |y Томск |3 (RuTPU)RU\TPU\pers\25037 |9 11170 | |
| 801 | 1 | |a RU |b 63413507 |c 20090623 |g PSBO | |
| 801 | 2 | |a RU |b 63413507 |c 20211223 |g PSBO | |
| 856 | 4 | |u http://www.lib.tpu.ru/fulltext/v/Bulletin_TPU/2010/v317/i1/09.pdf | |
| 942 | |c CF | ||